000 01156nmc a2200397 a 4500
003 AR-BaBNM
005 20251128205320.0
008 011101s1997 ||||||||||||||000 | spa||
020 _a84-493-0320-6
040 _cAR-BaBNM
100 1 _aLemke, Jay L.
245 1 0 _aAprender a hablar ciencia
_blenguaje, aprendizaje y valores
250 _a1ª ed.
260 _aBarcelona
_bPaidós
_c1997
300 0 _a273 p.
490 0 _aTemas de educación
_vv. 42
500 0 _aIndice de nombres: p. 268-269
500 0 _aIndice analítico: p. 270-273
504 _aBibliografía: p. 263-267
650 4 _aFORMACION CIENTIFICA
650 4 _aENSENANZA EN GRUPO
650 4 _aACTIVIDADES CIENTIFICAS
650 4 _aMETODOS DE ENSENANZA
650 4 _aFISICA
650 4 _aQUIMICA
650 4 _aPROPIEDADES QUIMICAS
650 4 _aTECNICAS DIDACTICAS
650 4 _aORGANIZACION DEL CURSO
650 4 _aDINAMICA DE GRUPO
650 4 _aRELACION ALUMNO-DOCENTE
653 0 _aPROCESO DE ENSENANZA-APRENDIZAJE
700 1 _aGarcía, Ana
_etraductor
700 1 _aGarcía, Benilde
_etraductor
800 1 _aColl, César
_edirector
942 _cBK
999 _c10889
_d10889